تخطي إلى المحتوى
حسابك
تسجيل الخروج
تسجيل الدخول
اللغة
English
Deutsch
Español
Français
Italiano
日本語
Nederlands
Português
Português (Brasil)
中文(简体)
中文(繁體)
Türkçe
עברית
Gaeilge
Cymraeg
Ελληνικά
Català
Euskara
Русский
Čeština
Suomi
Svenska
polski
Dansk
slovenščina
اللغة العربية
বাংলা
Galego
Tiếng Việt
Hrvatski
हिंदी
كل الحقول
العنوان
المؤلف
الموضوع
رقم الطلب
ردمك/تدمد
الوسم
ابحث
بحث متقدم
Sinh động vật
عرض للأخصائي
استشهد بهذا
أرسل هذا بالبريد الإلكتروني
طباعة
تصدير التسجيلة
تصدير إلى RefWorks
تصدير إلى EndNoteWeb
تصدير إلى EndNote
تصدير إلى MARC
تصدير إلى MARCXML
تصدير إلى RDF
تصدير إلى BibTeX
تصدير إلى RIS
أضف إلى المفضلة
Sinh động vật
محفوظ في:
التفاصيل البيبلوغرافية
التنسيق:
كتاب
اللغة:
Undetermined
منشور في:
Cần Thơ
Viện Đại học Cần Thơ
الموضوعات:
zoology
الوسوم:
إضافة وسم
لا توجد وسوم, كن أول من يضع وسما على هذه التسجيلة!
Thư viện lưu trữ:
Trung tâm Học liệu Trường Đại học Cần Thơ
المقتنيات
الوصف
التعليقات
مواد مشابهة
عرض للأخصائي
LEADER
00369nam a2200133Ia 4500
001
CTU_8943
008
210402s9999 xx 000 0 und d
082
|a
591
082
|b
S312
245
0
|a
Sinh động vật
260
|a
Cần Thơ
260
|b
Viện Đại học Cần Thơ
650
|a
zoology
980
|a
Trung tâm Học liệu Trường Đại học Cần Thơ
مواد مشابهة
Sinh học động vật
بواسطة: Trần Ngươn Phiêu
منشور في: (1974)
Động vật học
بواسطة: Động vật học
منشور في: (1996)
Động vật: Năm thứ nhất vạn vật học: T1
بواسطة: Trần Ngươn Phiêu
منشور في: (1967)
Sách đỏ Việt Nam : Vol. 1 - Phần động vật
بواسطة: BỘ KHCN & MT
منشور في: (2000)
Hỏi-đáp về động vật
بواسطة: Đào Văn Tiến
منشور في: (1969)
تحميل...